Magnicidio: la verdad del asesinato del Presidente de la República Eduardo Frei Montalva, en un complot organizado y ejecutado por agentes de las brigadas de exterminio de la DINA, CNI y DINE

Spremljeno u:
Bibliografski detalji
Glavni autor: Castillo Irribarra, Benedicto (Autor)
Format: Knjiga
Jezik:španjolski
Izdano: Santiago, Chile Mare Nostrum 2011
Izdanje:Primera edición
Teme:
Oznake: Dodaj oznaku
Bez oznaka, Budi prvi tko označuje ovaj zapis!

MARC

LEADER 00000cam a2200000 a 4500
001 UCG8765
003 CL-VaPUC
005 20240819122411.0
008 111229e20110500CL |||||||||||||||||spa|d
999 |c 346363  |d 346361 
020 |a 9789568089344 
040 |c Pontificia Universidad Católica de Valparaíso 
082 0 4 |a 983.04 CAS 2011  |2 21 
100 0 |a Castillo Irribarra, Benedicto  |e author  |9 559925 
245 1 0 |a Magnicidio:  |b  la verdad del asesinato del Presidente de la República Eduardo Frei Montalva, en un complot organizado y ejecutado por agentes de las brigadas de exterminio de la DINA, CNI y DINE 
250 |a Primera edición 
260 |a Santiago, Chile  |b Mare Nostrum  |c 2011 
300 |a 370 páginas 
583 |a last modification  |c 20111229 10:48:00  |k Rodrigo Vera 
600 0 |a Frei Montalva, Eduardo  |9 255811 
650 0 |a Historia de Chile siglo 20  |y SIGLO 20  |9 268145 
650 0 |a Asesinatos   |x PRESIDENTES  |z CHILE  |9 401043 
650 0 |a Investigación periodística  |z CHILE  |9 386006 
650 0 |a Biografías  |x PRESIDENTES  |z CHILE  |9 255210 
852 |a BIBCUR 
942 |c BK  |2 ddc 
945 |d 20111229 00:00:00  |a dcastane 
952 |0 0  |1 0  |2 ddc  |4 0  |6 983_040000000000000_CAS_2011  |7 0  |8 A  |9 447037  |a BIBHIS  |b BIBHIS  |d 2019-11-22  |i 4818954  |o 983.04 CAS 2011  |p 4818954  |r 2025-01-20  |t 1  |w 2019-11-22  |y BK  |k HIS